000 00796cam a22002412 4500
001 0000021266
005 20151217145933.0
008 120307s xx 000 0 eng d
020 _a8177589276 :
_cKES 820
040 _aKABU
_cKABU
050 0 _aTK5105.5
_b.C66 2008
100 1 _aComer, Douglas E.
_@0000156314
245 1 0 _aComputer networks and internets :
_bwith internet applications /
_cDouglas E. Comer, M. S. Narayanan.
250 _a4th ed.
260 _aDelhi :
_bPearson Education,
_c2008.
300 _axxiii, 578 p.
650 0 _aComputer networks.
_@0000148214
650 0 _aInternetworking (Telecommunication)
_@0000156315
700 1 _aNarayanan, M. S.
_@0000182115
852 1 _9p5100 KES
908 _a120307
950 _@1
999 _c4270
_d4270